000 00271nam a2200121Ia 4500
008 231129s1976||||xx |||||||||||||| ||spa||
082 _aHAJ- 0090
100 _aUmaña Bernal José
245 0 _aCarnets
260 _c1976
264 _aBogotá: Stella
942 _2ddc
_cBKS
999 _c6668
_d6668